"Kochać" w Językach Europy - Statystyki

Ogólne statystyki
  • Ten quiz został rozwiązany 13 razy
  • Średni wynik to 6 z 57
Statystyki odpowiedzi
Kochać Język % Poprawnych
kochać polski
75%
to love angielski
50%
любіць białoruski
50%
αγαπάω grecki
50%
обичам bułgarski
42%
rakastaa fiński
42%
amar portugalski
33%
lieben niemiecki
25%
milovat' słowacki
25%
любити ukraiński
25%
amare włoski
25%
elske duński
17%
любить rosyjski
17%
ljubiti słoweński
17%
milovat czeski
8%
aimer francuski
8%
elska islandzki
8%
сака macedoński
8%
liefhebben niderlandzki
8%
волети serbski
8%
älska szwedzki
8%
dashuroj albański
0%
սիրել armeński
0%
sevmək azerbejdżański
0%
maite egin baskijski
0%
һөйөргә baszkirski
0%
karout bretoński
0%
voljeti chorwacki
0%
lubować dolnołużycki
0%
armastama estoński
0%
leafhawwe fryzyjski
0%
grá irlandzki
0%
ליבע jidysz
0%
хайрлах kałamucki
0%
kòchac kaszubski
0%
estimar kataloński
0%
сүю kazachski
0%
вӧжӧм komi
0%
karow kornwalijski
0%
amà korsykański
0%
mylėti litewski
0%
mīlēt łotewski
0%
léiwen luksemburski
0%
iħobb maltański
0%
gree manx
0%
лумышты maryjski
0%
elske norweski
0%
kamav romski
0%
a iubi rumuński
0%
ljubyty rusiński
0%
ráhkistit saami
0%
voleti serbski
0%
gràdh szkocki
0%
yaratu tatarski
0%
sevmek turecki
0%
caru walijski
0%
szeretni węgierski
0%
Nie znaleziono quizów pasujących do podanych kryteriów
Rozkład punktacji
Procent ludzi z każdym wynikiem
Percentyl według liczby udzielonych odpowiedzi
Twoja historia wyników
Nie rozwiązałeś tego quizu